Top 10 X 2 : villes les plus dangereuses en Asie - Statistiques

Statistiques générales
  • Ce quiz a été pris 182 fois
  • Le résultat moyen est 11 sur 20
Statistiques - réponses
# Pays Réponse % Correct
8 Philippines Manille
90%
9 Philippines Manille
90%
1 Afghanistan Kaboul
89%
7 Mongolie Oulan-Bator
86%
8 Mongolie Oulan-Bator
86%
2 Irak Bagdad
84%
3 Syrie Damas
83%
2 Malaisie Kuala Lumpur
82%
6 Malaisie Kuala Lumpur
82%
6 Bangladesh Dhaka
80%
7 Bangladesh Dhaka
80%
1 Pakistan Karachi
78%
4 Pakistan Karachi
78%
9 Philippines Quezon City
18%
10 Philippines Quezon City
18%
5 Yémen Al Mukalla
2%
4 Inde Gurgaon
1%
10 Malaisie Johor Baharu
1%
5 Malaisie Klang
1%
3 Malaisie Petaling Jaya
1%
Aucun quiz correspondant
Distribution des résultats
% des personnes avec chaque résultat
Percentile par nombre de réponses
Votre historique - résultats
Vous n’avez pas pris ce quiz